| 000 | 00745cam a2200229 a 4500 | ||
|---|---|---|---|
| 001 | 3944743 | ||
| 005 | 20180228040022.0 | ||
| 008 | 931221s1994 nyua f 001 0 eng | ||
| 010 | _a 93050130 | ||
| 020 |
_a0385472560 : _c$29.95 ($38.95 Can.) |
||
| 040 |
_aDLC _cDLC _dDLC |
||
| 041 | _aeng | ||
| 080 | _a658.402 RIC | ||
| 082 | 0 | 0 |
_a658.402 RIC _220 |
| 100 | _a54 | ||
| 101 | _aMAN | ||
| 245 | 0 | 4 |
_aThe Fifth discipline fieldbook : _cPeter M. Senge ... [et al.]. |
| 740 | 0 | _aLearning organization. | |
| 906 |
_a7 _bcbc _corignew _d1 _eocip _f19 _gy-gencatlg |
||
| 942 |
_2ddc _cBK |
||
| 999 |
_c43686 _d43686 |
||